[Event "Juan Martinez Sola"]
[Site "UAL Almeria Spain"]
[Date "2015.12.20"]
[Round "6.4"]
[White "Fuertes Romo, Jose Manuel"]
[Black "Perez Beltran, Jose Maria"]
[Result "0-1"]
[BlackElo "2023"]
[WhiteElo "1997"]
[LiveChessVersion "1.4.4"]

1. e4 {[%clk 1:30:57]} c5 {[%clk 1:30:57]} 2. Nf3 {[%clk 1:30:55]} e6
{[%clk 1:31:23]} 3. d4 {[%clk 1:31:05]} cxd4 {[%clk 1:31:47]} 4. Nxd4
{[%clk 1:31:30]} Nc6 {[%clk 1:32:14]} 5. Nc3 {[%clk 1:31:52]} Qc7
{[%clk 1:32:21]} 6. Be2 {[%clk 1:31:45]} a6 {[%clk 1:32:47]} 7. Be3
{[%clk 1:30:51]} Nf6 {[%clk 1:32:39]} 8. O-O {[%clk 1:28:47]} Bb4
{[%clk 1:32:51]} 9. Na4 {[%clk 1:28:34]} Rb8 {[%clk 1:29:42]} 10. Nxc6
{[%clk 1:18:38]} bxc6 {[%clk 1:29:29]} 11. Nc5 {[%clk 1:14:24]} Bxc5
{[%clk 1:19:36]} 12. Bxc5 {[%clk 1:14:47]} Nxe4 {[%clk 1:19:47]} 13. Ba3
{[%clk 1:11:11]} c5 {[%clk 1:18:17]} 14. Qd3 {[%clk 1:01:50]} Bb7
{[%clk 1:14:57]} 15. Bf3 {[%clk 0:57:58]} Nf6 {[%clk 1:08:56]} 16. Bxb7
{[%clk 0:48:21]} Rxb7 {[%clk 1:09:16]} 17. Qxa6 {[%clk 0:48:24]} Ra7
{[%clk 1:05:35]} 18. Qc4 {[%clk 0:36:05]} d6 {[%clk 1:04:34]} 19. Rad1
{[%clk 0:35:14]} O-O {[%clk 1:04:33]} 20. h3 {[%clk 0:33:52]} Rc8
{[%clk 1:04:47]} 21. Rfe1 {[%clk 0:31:06]} d5 {[%clk 1:03:25]} 22. Qe2
{[%clk 0:28:15]} h6 {[%clk 1:01:34]} 23. Qe5 {[%clk 0:23:01]} Qc6
{[%clk 0:59:55]} 24. c4 {[%clk 0:21:58]} d4 {[%clk 0:59:56]} 25. f4
{[%clk 0:21:14]} Nd7 {[%clk 0:59:53]} 26. Qe4 {[%clk 0:17:24]} Ra4
{[%clk 0:49:38]} 27. Rc1 {[%clk 0:12:00]} Nb6 {[%clk 0:44:36]} 28. Qd3
{[%clk 0:07:45]} Qc7 {[%clk 0:41:31]} 29. g3 {[%clk 0:07:57]} Nd7
{[%clk 0:40:45]} 30. Qd1 {[%clk 0:06:53]} Raa8 {[%clk 0:40:49]} 31. Qe2
{[%clk 0:06:56]} Re8 {[%clk 0:39:20]} 32. Qe4 {[%clk 0:03:31]} e5
{[%clk 0:31:15]} 33. fxe5 {[%clk 0:02:10]} Nxe5 {[%clk 0:31:16]} 34. Kh1
{[%clk 0:01:28]} Qd7 {[%clk 0:26:55]} 35. Kh2 {[%clk 0:01:28]} Nxc4
{[%clk 0:26:58]} 36. Qxa8 {[%clk 0:01:30]} Rxa8 {[%clk 0:27:07]} 37. Rxc4
{[%clk 0:01:59]} d3 {[%clk 0:27:15]} 38. Rxc5 d2 {[%clk 0:27:28]} 39. Rd1
{[%clk 0:01:59]} Re8 {[%clk 0:27:30]} 0-1

[Event "Juan Martinez Sola"]
[Site "UAL Almeria Spain"]
[Date "2015.12.20"]
[Round "6.5"]
[White "Zapata Lopez, Julio"]
[Black "Misyura, Ilya"]
[Result "1/2-1/2"]
[BlackElo "1843"]
[WhiteElo "2020"]
[LiveChessVersion "1.4.4"]

1. d4 Nf6 2. c4 e6 3. Nf3 d5 4. g3 dxc4 5. Bg2 Nc6 6. Qa4 Qd5 7. Nc3 Bb4 8. O-O
Qa5 9. Qc2 O-O 10. Bg5 Nxd4 11. Nxd4 Qxg5 12. Ne4 Nxe4 13. Bxe4 Qc5 14. a3 Qxd4
15. axb4 f5 16. Bg2 c6 17. Rfd1 Qe5 18. Ra2 Qb5 19. Qc3 b6 20. Rd6 Bb7 21. Rxe6
a5 22. bxa5 Qb3 23. Ra3 Qb5 24. Ra2 Qb3 25. Ra3 Qb5 26. Ra2 Qb3 27. Ra3 1/2-1/2

[Event "Juan Martinez Sola"]
[Site "UAL Almeria Spain"]
[Date "2015.12.20"]
[Round "6.6"]
[White "Rubio Tapia, Jose Juan"]
[Black "Hernandez Munoz, Antonio Ramon"]
[Result "1/2-1/2"]
[BlackElo "2185"]
[WhiteElo "2101"]
[LiveChessVersion "1.4.4"]

1. d4 {[%clk 1:30:57]} Nf6 {[%clk 1:30:55]} 2. c4 {[%clk 1:31:23]} g6
{[%clk 1:31:20]} 3. Nc3 {[%clk 1:31:32]} d5 {[%clk 1:31:45]} 4. Bg5
{[%clk 1:31:41]} Bg7 {[%clk 1:32:05]} 5. Bxf6 {[%clk 1:30:34]} Bxf6
{[%clk 1:32:26]} 6. cxd5 {[%clk 1:30:57]} c6 {[%clk 1:32:24]} 7. dxc6
{[%clk 1:30:57]} Bxd4 {[%clk 1:19:30]} 8. cxb7 {[%clk 1:28:13]} Bxb7
{[%clk 1:18:45]} 9. e3 {[%clk 1:20:08]} Bxc3+ {[%clk 1:17:54]} 10. bxc3
{[%clk 1:20:35]} O-O {[%clk 1:17:51]} 11. Qxd8 {[%clk 1:12:47]} Rxd8
{[%clk 1:18:17]} 12. Nf3 {[%clk 1:12:24]} Bxf3 {[%clk 1:12:27]} 13. gxf3
{[%clk 1:12:48]} Nc6 {[%clk 1:12:37]} 14. Bb5 {[%clk 1:08:20]} Ne5
{[%clk 1:10:04]} 15. Ke2 {[%clk 1:05:57]} Rd5 {[%clk 1:00:04]} 16. Rab1
{[%clk 1:01:15]} a6 {[%clk 0:55:02]} 17. Ba4 {[%clk 1:00:48]} Rc8
{[%clk 0:50:55]} 18. Rhc1 {[%clk 0:56:28]} Nd3 {[%clk 0:40:35]} 19. Rc2
{[%clk 0:53:10]} Nc5 {[%clk 0:39:34]} 20. Rb4 {[%clk 0:51:04]} Rh5
{[%clk 0:33:58]} 21. h4 {[%clk 0:50:38]} a5 {[%clk 0:33:01]} 22. Rc4
{[%clk 0:46:36]} Rb8 {[%clk 0:33:11]} 23. Rd2 {[%clk 0:44:32]} Rb1
{[%clk 0:29:08]} 24. Bc6 1/2-1/2

[Event "Juan Martinez Sola"]
[Site "UAL Almeria Spain"]
[Date "2015.12.20"]
[Round "6.7"]
[White "Arboledas Fernandez, Antonio A."]
[Black "Gil Quilez, Sonia"]
[Result "1-0"]
[BlackElo "2028"]
[WhiteElo "2102"]
[LiveChessVersion "1.4.4"]

1. d4 {[%clk 1:30:31]} d5 {[%clk 1:30:34]} 2. e3 {[%clk 1:30:11]} Nf6
{[%clk 1:30:34]} 3. Bd3 {[%clk 1:29:35]} c6 {[%clk 1:30:00]} 4. c3
{[%clk 1:26:02]} Bg4 {[%clk 1:28:26]} 5. f3 {[%clk 1:24:07]} Bh5 {[%clk 1:28:31]}
6. Ne2 {[%clk 1:24:13]} Bg6 {[%clk 1:28:08]} 7. Ng3 {[%clk 1:24:06]} Qc7
{[%clk 1:19:10]} 8. f4 {[%clk 1:17:27]} Bxd3 {[%clk 1:17:58]} 9. Qxd3
{[%clk 1:17:52]} e6 {[%clk 1:18:17]} 10. b3 {[%clk 1:18:08]} Bd6 {[%clk 1:17:36]}
11. O-O {[%clk 1:17:25]} O-O {[%clk 1:16:51]} 12. Nd2 {[%clk 1:17:07]} c5
{[%clk 1:16:01]} 13. Nf3 {[%clk 1:15:30]} Nc6 {[%clk 1:12:13]} 14. Ne5
{[%clk 1:15:01]} cxd4 {[%clk 1:07:44]} 15. exd4 {[%clk 1:14:58]} Rac8
{[%clk 1:06:23]} 16. Bd2 {[%clk 1:14:40]} Ne7 {[%clk 1:00:19]} 17. Kh1
{[%clk 1:13:29]} g6 {[%clk 0:56:26]} 18. c4 {[%clk 1:06:47]} dxc4
{[%clk 0:50:58]} 19. bxc4 {[%clk 1:07:03]} Rfd8 {[%clk 0:50:50]} 20. Qf3
{[%clk 1:03:34]} Nf5 {[%clk 0:49:40]} 21. Ne2 {[%clk 0:57:58]} Bf8
{[%clk 0:45:07]} 22. Rab1 {[%clk 0:55:09]} b6 {[%clk 0:43:53]} 23. c5
{[%clk 0:54:00]} Bxc5 {[%clk 0:35:59]} 24. Rfc1 {[%clk 0:51:44]} Nxd4
{[%clk 0:33:09]} 25. Nxd4 {[%clk 0:52:08]} Rxd4 {[%clk 0:33:27]} 26. Bc3
{[%clk 0:52:22]} Rd5 {[%clk 0:32:40]} 27. Nxg6 {[%clk 0:51:41]} hxg6
{[%clk 0:32:31]} 28. Bxf6 {[%clk 0:51:54]} Qd7 {[%clk 0:30:03]} 29. Qh3 Rh5
{[%clk 0:29:43]} 30. Qg4 {[%clk 0:41:29]} Bf8 {[%clk 0:24:05]} 31. Rxc8
{[%clk 0:37:39]} Qxc8 {[%clk 0:24:34]} 32. Rd1 {[%clk 0:37:30]} Qc7
{[%clk 0:24:16]} 33. Be5 {[%clk 0:36:50]} Qc4 {[%clk 0:23:28]} 34. Qf3
{[%clk 0:35:31]} Bg7 {[%clk 0:21:27]} 35. Rd8+ {[%clk 0:29:10]} Kh7
{[%clk 0:21:03]} 36. g4 {[%clk 0:29:21]} Rh4 {[%clk 0:20:26]} 37. h3
{[%clk 0:23:09]} a5 {[%clk 0:13:29]} 38. a4 {[%clk 0:23:14]} Qc5 {[%clk 0:10:11]}
39. Kg2 {[%clk 0:21:48]} Rh6 {[%clk 0:09:29]} 40. Rd7 {[%clk 0:17:58]} Qf8
{[%clk 0:05:27]} 41. Qb7 {[%clk 0:16:23]} Kg8 {[%clk 0:01:43]} 42. Bd6
{[%clk 0:15:17]} Qe8 {[%clk 0:01:36]} 43. Be7 {[%clk 0:14:20]} Bf8
{[%clk 0:00:35]} 44. Rd8 {[%clk 0:14:23]} Qxa4 {[%clk 0:01:04]} 45. Rxf8+
{[%clk 0:14:21]} Kg7 {[%clk 0:01:34]} 46. Rxf7+ {[%clk 0:12:19]} Kxf7
{[%clk 0:01:40]} 47. Bd6+ {[%clk 0:06:29]} Kg8 {[%clk 0:01:30]} 48. Qc8+
{[%clk 0:06:47]} Kh7 {[%clk 0:00:49]} 49. Qc7+ {[%clk 0:07:09]} Kg8
{[%clk 0:01:00]} 50. Qd8+ {[%clk 0:07:33]} Kh7 {[%clk 0:00:58]} 51. Qe7+
{[%clk 0:07:56]} 1-0